|
|
|
|
| LEADER |
01874nam a2200421 a 4500 |
| 001 |
EBC3041588 |
| 003 |
MiAaPQ |
| 005 |
20200520144314.0 |
| 006 |
m o d | |
| 007 |
cr cn||||||||| |
| 008 |
061222s2006 gw b sb 101 0 ger d |
| 010 |
|
|
|z 2007366751
|
| 020 |
|
|
|z 9783110191011 (alk. paper)
|
| 020 |
|
|
|z 3110191016 (alk. paper)
|
| 020 |
|
|
|z 9783110191011
|
| 020 |
|
|
|z 9783110926590 (e-book)
|
| 035 |
|
|
|a (MiAaPQ)EBC3041588
|
| 035 |
|
|
|a (Au-PeEL)EBL3041588
|
| 035 |
|
|
|a (CaPaEBR)ebr10595978
|
| 035 |
|
|
|a (OCoLC)922944615
|
| 040 |
|
|
|a MiAaPQ
|c MiAaPQ
|d MiAaPQ
|
| 043 |
|
|
|a e------
|a ff-----
|a aw-----
|
| 050 |
|
4 |
|a DG254.2
|b .S73 2006
|
| 245 |
0 |
0 |
|a Staatlichkeit und politisches Handeln in der romischen Kaiserzeit
|h [electronic resource] /
|c herausgegeben von Hans-Ulrich Wiemer.
|
| 260 |
|
|
|a Berlin ;
|a New York :
|b W. de Gruyter,
|c 2006.
|
| 300 |
|
|
|a viii, 291 p. :
|b maps.
|
| 490 |
1 |
|
|a Millennium-Studien zu Kultur und Geschichte des ersten Jahrtausends n. Chr. = Millennium studies in the culture and history of the first millennium C.E.,
|x 1862-1139 ;
|v Bd. 10
|
| 500 |
|
|
|a Proceedings of a conference held at the Philipps-Universitat Marburg, July 9-11, 2004.
|
| 504 |
|
|
|a Includes bibliographical references and index.
|
| 533 |
|
|
|a Electronic reproduction. Ann Arbor, MI : ProQuest, 2015. Available via World Wide Web. Access may be limited to ProQuest affiliated libraries.
|
| 650 |
|
0 |
|a Political customs and rites
|z Rome
|v Congresses.
|
| 651 |
|
0 |
|a Rome
|x Politics and government
|y 265-30 B.C.
|v Congresses.
|
| 651 |
|
0 |
|a Rome
|x Politics and government
|y 30 B.C.-476 A.D.
|v Congresses.
|
| 655 |
|
4 |
|a Electronic books.
|
| 700 |
1 |
|
|a Wiemer, Hans-Ulrich.
|
| 710 |
2 |
|
|a ProQuest (Firm)
|
| 830 |
|
0 |
|a Millennium-Studien ;
|v Bd. 10.
|
| 856 |
4 |
0 |
|u https://ebookcentral.proquest.com/lib/matrademy/detail.action?docID=3041588
|z Click to View
|